000 00725nam a2200229Ia 4500
003 GCL
008 140319s9999 xx 000 0 ara d
040 _aGCL /
_cGCL
082 0 4 _a320.96
_bن ا
100 1 _aنقولا زيادة
245 1 0 _aافريقيات: دراسات فى المغرب العربى والسودان الغربى /
_cنقولا زيادة
260 _a[S.N] :
_bرياض الريس للكتب والنشر ،
_c1991
300 _a404 ص
490 _a
650 0 4 _aتاريخ
650 0 4 _aالاحوال السياسية
650 0 4 _aالسودان
650 0 4 _aافريقيا
650 0 4 _aالمغرب العربى
650 0 4 _aالاسلام والسياسة
942 _2ddc
_cBK
999 _c55728
_d55728